[Event "Snow Flurries and Pawn Storms op"]
[Site "Winnipeg CAN"]
[Date "2006.11.25"]
[Round "3"]
[White "Gentes, Kevin"]
[Black "Kaptsan, Aron"]
[Result "1/2-1/2"]
[WhiteElo "2265"]
[BlackElo "1963"]
[PlyCount "41"]
[EventDate "2006.11.24"]
[EventType "swiss"]
[EventRounds "4"]
[EventCountry "CAN"]

1. c4 c5 2. Nf3 Nf6 3. d4 cxd4 4. Nxd4 b6 5. Nc3 Bb7 6. f3 a6 7. e4 d6 8. Be3
e6 9. Be2 Nbd7 10. Rc1 Rc8 11. O-O Qc7 12. Qd2 Qb8 13. Rfe1 Be7 14. Bf1 O-O 15.
Kh1 Bd8 16. Qf2 Bc7 17. g3 Kh8 18. b3 Rg8 19. Bg2 Qa8 20. Qd2 Rge8 21. Bg1
1/2-1/2

[Event "Snow Flurries and Pawn Storms op"]
[Site "Winnipeg CAN"]
[Date "2006.11.25"]
[Round "3"]
[White "Gibbons, Lorne"]
[Black "Goodman, Clifford"]
[Result "0-1"]
[WhiteElo "1275"]
[BlackElo "1500"]
[PlyCount "89"]
[EventDate "2006.11.24"]
[EventType "swiss"]
[EventRounds "4"]
[EventCountry "CAN"]

1. d4 c6 2. c4 d5 3. a4 e6 4. c5 a6 5. Bf4 Ne7 6. b4 Ng6 7. Bg3 h5 8. h3 Nd7 9.
e3 e5 10. Bd3 e4 11. Bc2 f5 12. f3 Nf6 13. Nd2 h4 14. Bh2 Nh5 15. Nf1 Qg5 16.
f4 Qe7 17. Qb1 Rg8 18. Bd1 Nf6 19. Be2 Nh8 20. Qd1 Be6 21. Qd2 Nf7 22. O-O-O
Qc7 23. a5 Qd7 24. Qe1 Rh8 25. Rd2 Be7 26. Bd1 Nh7 27. Ne2 g5 28. Rg1 g4 29.
hxg4 fxg4 30. g3 h3 31. Rh1 O-O-O 32. Bg1 Nf6 33. Qf2 Bf5 34. Bh2 Rdf8 35. Rb2
Ne8 36. Nc3 Bd8 37. Na4 Bg6 38. Nd2 Kb8 39. Rg1 Ng5 40. Be2 Nf3 41. Bxf3 gxf3
42. Nxf3 exf3 43. Qxf3 Be4 44. Qe2 Qh7 45. Nc3 0-1

[Event "Snow Flurries and Pawn Storms op"]
[Site "Winnipeg CAN"]
[Date "2006.11.25"]
[Round "3"]
[White "Wiebe, Daniel"]
[Black "Oberton, Daniel"]
[Result "0-1"]
[WhiteElo "1526"]
[BlackElo "1878"]
[PlyCount "52"]
[EventDate "2006.11.24"]
[EventType "swiss"]
[EventRounds "4"]
[EventCountry "CAN"]

1. e4 c5 2. Nf3 d6 3. d4 cxd4 4. Nxd4 Nf6 5. Nc3 g6 6. f3 Bg7 7. Be3 Nc6 8. Qd2
O-O 9. Nxc6 bxc6 10. Bh6 Be6 11. Bxg7 Kxg7 12. h4 Rb8 13. O-O-O Qa5 14. a3 Rb7
15. h5 Rfb8 16. hxg6 fxg6 17. e5 dxe5 18. Qh6+ Kg8 19. Ne4 Bd5 20. Nxf6+ exf6
21. c4 Be6 22. Be2 Qa4 23. Rd6 Qb3 24. Rxe6 Qxb2+ 25. Kd1 Qd4+ 26. Ke1 Rb1+ 0-1

[Event "Snow Flurries and Pawn Storms op"]
[Site "Winnipeg CAN"]
[Date "2006.11.26"]
[Round "4"]
[White "Boron, Anthony"]
[Black "Gentes, Kevin"]
[Result "1/2-1/2"]
[WhiteElo "1928"]
[BlackElo "2265"]
[PlyCount "57"]
[EventDate "2006.11.24"]
[EventType "swiss"]
[EventRounds "4"]
[EventCountry "CAN"]

1. e4 c5 2. Nc3 e6 3. f4 a6 4. Nf3 Nc6 5. d3 d5 6. g3 dxe4 7. Nxe4 Nf6 8. Bg2
Be7 9. Be3 Nd5 10. Bd2 O-O 11. a3 Qc7 12. Nc3 Bf6 13. Rb1 Nxc3 14. Bxc3 Bxc3+
15. bxc3 Qa5 16. Rb3 c4 17. dxc4 Qc5 18. Ne5 Nxe5 19. fxe5 Qxe5+ 20. Qe2 Qc5
21. Rf1 Rb8 22. Rf4 b6 23. Qf2 Qc7 24. Qe3 Bb7 25. Bxb7 Rxb7 26. Rh4 Rd8 27.
Rd4 Rc8 28. Qd2 h6 29. Qd3 1/2-1/2

[Event "Snow Flurries and Pawn Storms op"]
[Site "Winnipeg CAN"]
[Date "2006.11.26"]
[Round "4"]
[White "Gannon, Keith"]
[Black "Wiebe, Daniel"]
[Result "1/2-1/2"]
[WhiteElo "1545"]
[BlackElo "1526"]
[PlyCount "62"]
[EventDate "2006.11.24"]
[EventType "swiss"]
[EventRounds "4"]
[EventCountry "CAN"]

1. e4 e5 2. Nf3 Nc6 3. c3 Nf6 4. d3 d5 5. exd5 Qxd5 6. Be2 Bf5 7. O-O O-O-O 8.
Ng5 h6 9. c4 Qd7 10. Ne4 Nxe4 11. dxe4 Qxd1 12. Bxd1 Bxe4 13. Nc3 Bd3 14. Be2
Bxe2 15. Nxe2 Nd4 16. Ng3 Nc2 17. Rb1 Rd4 18. b3 Ba3 19. Nf5 Rg4 20. h3 Re4 21.
Bxa3 Nxa3 22. Rb2 g6 23. Ne7+ Kb8 24. Nd5 c6 25. Nc3 Rd4 26. Re1 Re8 27. Rbe2
Rd3 28. Na4 b6 29. Rxe5 Rxe5 30. Rxe5 Kc7 31. Re7+ Rd7 1/2-1/2

[Event "Snow Flurries and Pawn Storms op"]
[Site "Winnipeg CAN"]
[Date "2006.11.26"]
[Round "4"]
[White "Kaptsan, Aron"]
[Black "Oberton, Daniel"]
[Result "1/2-1/2"]
[WhiteElo "1963"]
[BlackElo "1878"]
[PlyCount "28"]
[EventDate "2006.11.24"]
[EventType "swiss"]
[EventRounds "4"]
[EventCountry "CAN"]

1. d4 Nf6 2. b3 g6 3. Bb2 Bg7 4. g3 O-O 5. Bg2 d6 6. Nf3 Nbd7 7. O-O c6 8. c4
Qc7 9. Qc2 e5 10. Nbd2 exd4 11. Nxd4 Re8 12. e3 a5 13. a3 Ne5 14. b4 Bd7
1/2-1/2

[Event "St-Hyacinthe"]
[Site "St-Hyacinthe CAN"]
[Date "2006.11.17"]
[Round "1"]
[White "Archambault, Serge"]
[Black "Boutin, Jean-Roger"]
[Result "1-0"]
[WhiteElo "1781"]
[BlackElo "1609"]
[PlyCount "41"]
[EventDate "2006.11.27"]
[EventType "swiss"]
[EventRounds "5"]
[EventCountry "CAN"]

1. d4 d5 2. c4 e6 3. Nc3 c5 4. cxd5 exd5 5. Nf3 cxd4 6. Qxd4 Be6 7. Bg5 f6 8.
Bf4 Nc6 9. Qa4 a6 10. e3 b5 11. Qd1 Nge7 12. Be2 Ng6 13. Bg3 Be7 14. O-O O-O
15. Rc1 Nce5 16. Nd4 Bf7 17. Bxe5 Nxe5 18. b3 Rc8 19. f4 Nc6 20. Bg4 Rc7 21.
Ne6 1-0

[Event "St-Hyacinthe"]
[Site "St-Hyacinthe CAN"]
[Date "2006.11.18"]
[Round "2"]
[White "Blais, Georges"]
[Black "Archambault, Serge"]
[Result "0-1"]
[WhiteElo "1614"]
[BlackElo "1781"]
[PlyCount "88"]
[EventDate "2006.11.27"]
[EventType "swiss"]
[EventRounds "5"]
[EventCountry "CAN"]

1. Nf3 e6 2. c4 c5 3. g3 Nc6 4. Bg2 Be7 5. Nc3 Nf6 6. O-O O-O 7. d4 cxd4 8.
Nxd4 a6 9. e4 Qc7 10. Be3 b6 11. Rc1 Bb7 12. f3 Nxd4 13. Bxd4 Bc5 14. Ne2 Rac8
15. Kh1 Bxd4 16. Qxd4 Rfd8 17. Qe3 Qc5 18. Qxc5 Rxc5 19. Nf4 Rdc8 20. b3 g6 21.
Rfd1 Kf8 22. Nd3 R5c7 23. Kg1 d5 24. e5 Nd7 25. f4 dxc4 26. Bxb7 Rxb7 27. bxc4
Rbc7 28. Nb2 b5 29. Rd4 Nb6 30. Rd2 Nxc4 31. Nxc4 Rxc4 32. Rxc4 Rxc4 33. Kf2
Ke7 34. Ke3 a5 35. Rd4 Rc2 36. Rd2 Rxd2 37. Kxd2 h5 38. Kc3 Kd7 39. a3 Kc6 40.
Kd4 Kb6 41. h3 Kc6 42. g4 hxg4 43. hxg4 Kb6 44. g5 Kc6 0-1

[Event "St-Hyacinthe"]
[Site "St-Hyacinthe CAN"]
[Date "2006.11.19"]
[Round "4"]
[White "Cloutier, Richard"]
[Black "Archambault, Serge"]
[Result "0-1"]
[WhiteElo "1760"]
[BlackElo "1781"]
[PlyCount "116"]
[EventDate "2006.11.27"]
[EventType "swiss"]
[EventRounds "5"]
[EventCountry "CAN"]

1. e4 c5 2. Nc3 Nc6 3. g3 g6 4. Bg2 Bg7 5. d3 d6 6. f4 e5 7. fxe5 Nxe5 8. Nf3
Bg4 9. h3 Bxf3 10. Bxf3 Nxf3+ 11. Qxf3 Ne7 12. O-O O-O 13. Ne2 Qd7 14. Qg2 f5
15. Nf4 Rae8 16. c3 fxe4 17. dxe4 Nc6 18. Bd2 Ne5 19. Rad1 Qa4 20. Bc1 Nf7 21.
Nd5 Qxe4 22. Qxe4 Rxe4 23. Nf6+ Bxf6 24. Rxf6 Rfe8 25. Rdf1 R8e7 26. Bf4 R4e6
27. Rxe6 Rxe6 28. Rd1 Kf8 29. Kf2 Rf6 30. Ke2 Ke8 31. c4 Kd7 32. h4 Kc6 33. a4
a6 34. a5 Re6+ 35. Kf2 Kd7 36. Rd5 h5 37. Rd1 Nd8 38. Be3 Kc7 39. Bd2 Nc6 40.
Bc3 Ne7 41. Kf3 Kc6 42. b4 Nf5 43. Rd3 Nh6 44. Bd2 Ng4 45. Kg2 Re4 46. Bf4 Ne5
47. Bxe5 Rxe5 48. b5+ axb5 49. cxb5+ Kxb5 50. Rb3+ Kc6 51. Rb6+ Kc7 52. Rb3 c4
53. Ra3 Rc5 54. a6 bxa6 55. Rxa6 c3 56. Ra1 Kc6 57. Kf2 Kb5 58. Ke2 Kc4 0-1

[Event "St-Hyacinthe"]
[Site "St-Hyacinthe CAN"]
[Date "2006.11.19"]
[Round "5"]
[White "Archambault, Serge"]
[Black "Kieu, Marc-Andre"]
[Result "0-1"]
[WhiteElo "1781"]
[BlackElo "1814"]
[PlyCount "50"]
[EventDate "2006.11.27"]
[EventType "swiss"]
[EventRounds "5"]
[EventCountry "CAN"]

1. d4 d5 2. c4 c6 3. Nc3 Nf6 4. cxd5 cxd5 5. Nf3 Nbd7 6. e3 a6 7. Bd3 b5 8. O-O
Bb7 9. Bd2 e6 10. Rc1 Bd6 11. g3 O-O 12. Re1 Ne4 13. Bxe4 dxe4 14. Nh4 Nb6 15.
b3 f5 16. a4 b4 17. Nb1 a5 18. Rc2 Bd5 19. Rb2 Qf6 20. Qe2 e5 21. Rc1 exd4 22.
exd4 f4 23. Qb5 fxg3 24. Bxb4 gxh2+ 25. Kg2 Qg5+ 0-1

[Event "St-Jean"]
[Site "Quebec CAN"]
[Date "2006.06.23"]
[Round "1"]
[White "Blais, Georges"]
[Black "Lemieux, Pierre"]
[Result "1/2-1/2"]
[WhiteElo "1534"]
[BlackElo "1962"]
[PlyCount "71"]
[EventDate "2006.06.23"]
[EventType "swiss"]
[EventRounds "5"]
[EventCountry "CAN"]

1. Nf3 Nf6 2. c4 g6 3. g3 Bg7 4. Bg2 d6 5. Nc3 O-O 6. O-O e5 7. d3 Nc6 8. a3 a5
9. Qc2 h6 10. Rb1 Bf5 11. e4 Bd7 12. Nd5 Nxd5 13. cxd5 Ne7 14. Bd2 a4 15. b4
axb3 16. Qxb3 b6 17. Rfc1 Qb8 18. Bb4 Rc8 19. Nd2 h5 20. Nc4 b5 21. Ne3 Bh6 22.
Rf1 Qb6 23. Rfe1 c5 24. dxc6 Rxc6 25. Qb2 Rac8 26. Bd2 R6c7 27. Nc4 Qa6 28.
Bxh6 bxc4 29. dxc4 Qxc4 30. Rec1 Qa6 31. Rxc7 Rxc7 32. Qb8+ Rc8 33. Qb7 Qc6 34.
Qb2 Kh7 35. Be3 Be6 36. h4 1/2-1/2

[Event "St-Jean"]
[Site "Quebec CAN"]
[Date "2006.06.23"]
[Round "1"]
[White "Pregent, Daniel"]
[Black "Caire, Francois"]
[Result "0-1"]
[WhiteElo "1736"]
[BlackElo "2204"]
[PlyCount "70"]
[EventDate "2006.06.23"]
[EventType "swiss"]
[EventRounds "5"]
[EventCountry "CAN"]

1. d4 Nf6 2. c4 e6 3. Nc3 Bb4 4. Qc2 O-O 5. f3 c5 6. a3 Bxc3+ 7. bxc3 Nc6 8. e3
b6 9. Nh3 Ba6 10. Bd3 Rc8 11. d5 Ne5 12. dxe6 dxe6 13. Be2 Bxc4 14. O-O Bxe2
15. Qxe2 Qd3 16. Qe1 Rfd8 17. Nf4 Qc2 18. Qg3 Qxc3 19. Ra2 Rd7 20. Re2 Nd3 21.
Nxd3 Qxd3 22. Rfe1 Qg6 23. Qe5 Qh5 24. Qf4 Ne8 25. g4 Qg6 26. h4 f6 27. Rg2
Rcd8 28. h5 Qg5 29. Qa4 Qd5 30. Rd2 Qb7 31. Red1 b5 32. Qb3 c4 33. Qc3 Rxd2 34.
Rxd2 Rxd2 35. Bxd2 Qxf3 0-1

[Event "St-Jean"]
[Site "Quebec CAN"]
[Date "2006.06.23"]
[Round "2"]
[White "Arteau, Benoit"]
[Black "Masse, Hugues"]
[Result "0-1"]
[WhiteElo "1903"]
[BlackElo "2288"]
[PlyCount "72"]
[EventDate "2006.06.23"]
[EventType "swiss"]
[EventRounds "5"]
[EventCountry "CAN"]

1. d4 Nf6 2. c4 g6 3. Nc3 d5 4. e3 Bg7 5. Nf3 O-O 6. Be2 c5 7. O-O cxd4 8. exd4
Nc6 9. Ne5 Ne4 10. cxd5 Nxc3 11. Nxc6 bxc6 12. bxc3 cxd5 13. Bf4 Qa5 14. c4 Ba6
15. cxd5 Bxe2 16. Qxe2 Qxd5 17. Qxe7 Qxd4 18. Be3 Qxa1 19. Rxa1 Bxa1 20. h4
Rfe8 21. Qb7 a6 22. g4 Rab8 23. Qxa6 Re4 24. Qe2 Rbb4 25. Kh2 Rxg4 26. Bg5 Rbe4
27. Qd1 Be5+ 28. Kh3 h6 29. Qd8+ Kg7 30. Be7 Kh7 31. Qd7 Rgf4 32. Kg2 Bd4 33.
a4 Rxf2+ 34. Kg3 Rf5 35. Bd8 Be5+ 36. Kg2 Rg4+ 0-1

[Event "St-Jean"]
[Site "Quebec CAN"]
[Date "2006.06.23"]
[Round "2"]
[White "Boudreau, Daniel"]
[Black "Chevalier, Francois"]
[Result "1-0"]
[WhiteElo "1988"]
[BlackElo "1728"]
[PlyCount "131"]
[EventDate "2006.06.23"]
[EventType "swiss"]
[EventRounds "5"]
[EventCountry "CAN"]

1. e4 c6 2. d4 d5 3. Nc3 dxe4 4. Nxe4 Nd7 5. Bc4 Ngf6 6. Ng5 e6 7. N1f3 h6 8.
Nh3 g5 9. Nhg1 Bg7 10. Ne2 g4 11. Nd2 h5 12. c3 Nb6 13. Bb3 Nbd5 14. Qc2 Qc7
15. Ne4 Nxe4 16. Qxe4 Bd7 17. Bg5 Nf6 18. Qe3 Nd5 19. Bxd5 cxd5 20. Ng3 e5 21.
dxe5 Qxe5 22. O-O-O Qxe3+ 23. fxe3 Be6 24. Rhf1 h4 25. Ne2 Rh5 26. Bf6 Bxf6 27.
Rxf6 Ke7 28. Rdf1 Rah8 29. Nd4 R5h6 30. R6f4 R8h7 31. Nxe6 Rxe6 32. Kd2 Rg6 33.
Kd3 Rhg7 34. Kd4 Rg5 35. Rf5 Ke6 36. Rf6+ Ke7 37. R1f5 R5g6 38. Rxg6 Rxg6 39.
Re5+ Kf8 40. Rxd5 Rf6 41. Rg5 Rf2 42. Rxg4 Rxb2 43. a4 Ra2 44. Kc5 h3 45. gxh3
Rxh2 46. h4 Ke7 47. Rb4 b6+ 48. Kc6 Re2 49. Re4+ Kf6 50. Kb7 Kf5 51. Rf4+ Ke6
52. h5 Rh2 53. Kxa7 Rxh5 54. Kxb6 Rh3 55. Re4+ Kd5 56. Re8 Rh1 57. a5 Rb1+ 58.
Ka7 Kc6 59. a6 Rb3 60. Rb8 Ra3 61. Rb6+ Kd7 62. Kb7 Rxc3 63. a7 Rc7+ 64. Ka6
Rc8 65. Rb8 Rc3 66. a8=Q 1-0

[Event "St-Jean"]
[Site "Quebec CAN"]
[Date "2006.06.23"]
[Round "2"]
[White "Bourassa, Samuel"]
[Black "Carrier, Claude"]
[Result "1-0"]
[WhiteElo "1677"]
[BlackElo "1982"]
[PlyCount "81"]
[EventDate "2006.06.23"]
[EventType "swiss"]
[EventRounds "5"]
[EventCountry "CAN"]

1. e4 c5 2. Nf3 e6 3. d4 cxd4 4. Nxd4 Nf6 5. Bd3 d6 6. O-O Be7 7. c4 O-O 8. Nc3
a6 9. Be3 b6 10. f4 Qc7 11. Rc1 Nbd7 12. Nf3 Bb7 13. h4 Nc5 14. Bxc5 Qxc5+ 15.
Kh1 Ng4 16. Qe2 Qh5 17. g3 Rae8 18. Nh2 f5 19. Rce1 Bf6 20. Nd1 Bd4 21. Nxg4
Qxg4 22. Kh2 Qxe2+ 23. Rxe2 fxe4 24. Bxe4 Bxe4 25. Rxe4 e5 26. b3 exf4 27. Rxd4
fxg3+ 28. Kg1 Re2 29. Rxd6 Rfe8 30. Rxb6 Rxa2 31. Nc3 Rc2 32. Ne4 g5 33. Nxg3
gxh4 34. Nf5 h3 35. Rxa6 h5 36. Rg6+ Kh7 37. Rh6+ Kg8 38. Rxh5 Rc3 39. Rf4 Re1+
40. Kf2 Re6 41. Rg5+ 1-0

[Event "St-Jean"]
[Site "Quebec CAN"]
[Date "2006.06.23"]
[Round "2"]
[White "Caire, Francois"]
[Black "Godbout, Mathieu"]
[Result "1-0"]
[WhiteElo "2204"]
[BlackElo "1837"]
[PlyCount "57"]
[EventDate "2006.06.23"]
[EventType "swiss"]
[EventRounds "5"]
[EventCountry "CAN"]

1. b3 c5 2. Bb2 Nc6 3. e4 d6 4. f4 Nf6 5. Nc3 e6 6. Nf3 Be7 7. Bb5 Bd7 8. O-O
a6 9. Bxc6 Bxc6 10. d3 O-O 11. h3 Nd7 12. Ne2 d5 13. e5 d4 14. Qd2 Qc7 15. Rf2
f6 16. exf6 Nxf6 17. c3 dxc3 18. Qxc3 Bd6 19. Ng5 Rae8 20. g3 h6 21. Nf3 Nd5
22. Qd2 Qf7 23. Raf1 Qg6 24. Ne5 Bxe5 25. Bxe5 Nb4 26. Bd6 Rf7 27. Bxc5 Nxd3
28. f5 Qh5 29. Qxd3 1-0

[Event "St-Jean"]
[Site "Quebec CAN"]
[Date "2006.06.23"]
[Round "2"]
[White "Caron, Sebastien"]
[Black "Gaspariants, Vladimir"]
[Result "1/2-1/2"]
[WhiteElo "1917"]
[BlackElo "2228"]
[PlyCount "57"]
[EventDate "2006.06.23"]
[EventType "swiss"]
[EventRounds "5"]
[EventCountry "CAN"]

1. e4 e5 2. Nf3 Nc6 3. Bb5 a6 4. Ba4 Nf6 5. O-O Be7 6. Re1 b5 7. Bb3 d6 8. c3
O-O 9. h3 Na5 10. Bc2 c5 11. d4 Qc7 12. d5 Nc4 13. Nbd2 Nxd2 14. Bxd2 c4 15.
Qe2 Bd7 16. Nh2 a5 17. f4 b4 18. fxe5 dxe5 19. Nf3 Ne8 20. Rab1 f6 21. Rec1 Nd6
22. cxb4 axb4 23. Kh2 Qb8 24. Qe1 Rxa2 25. Bxb4 Ba4 26. Bxa4 Rxa4 27. Bxd6 Bxd6
28. Qe2 Rc8 29. Nd2 1/2-1/2

[Event "St-Jean"]
[Site "Quebec CAN"]
[Date "2006.06.23"]
[Round "2"]
[White "Page, Denis"]
[Black "Audet-Bouchard, Nicolas"]
[Result "1/2-1/2"]
[WhiteElo "1789"]
[BlackElo "2190"]
[PlyCount "150"]
[EventDate "2006.06.23"]
[EventType "swiss"]
[EventRounds "5"]
[EventCountry "CAN"]

1. e4 c5 2. Nc3 Nc6 3. g3 g6 4. Bg2 Bg7 5. d3 e6 6. Be3 Nd4 7. Qd2 Ne7 8. Nd1
d6 9. c3 Ndc6 10. Bh6 O-O 11. h4 Bxh6 12. Qxh6 Ne5 13. h5 Ng4 14. Qg5 f5 15.
hxg6 Nxg6 16. Qxd8 Rxd8 17. exf5 exf5 18. Bd5+ Kg7 19. Ne2 Nf6 20. Bg2 Rb8 21.
Ne3 Be6 22. d4 b5 23. Bh3 Ng4 24. Bxg4 fxg4 25. Rh5 Rbc8 26. Nf5+ Kf6 27. Ne3
Rc7 28. O-O-O Rb8 29. dxc5 dxc5 30. Nd5+ Bxd5 31. Rdxd5 Re8 32. Kd1 Rce7 33.
Rhf5+ Kg7 34. Nc1 c4 35. Rxb5 Ne5 36. Ne2 Nf3 37. Nd4 Re1+ 38. Kc2 Rf1 39. a4
Rxf2+ 40. Kb1 Nd2+ 41. Ka2 Rxf5 42. Nxf5+ Kf6 43. Nd4 Nf1 44. Rf5+ Kg6 45. Rxf1
Re3 46. Rg1 h5 47. Nc2 Re2 48. Nd4 Re3 49. Ka3 Kg5 50. Kb4 Re5 51. Kxc4 h4 52.
gxh4+ Kxh4 53. b4 Kh3 54. Nc6 Re6 55. Nxa7 Ra6 56. Nb5 Rxa4 57. Kd5 Ra2 58. Ke4
Re2+ 59. Kd3 Re8 60. Kd4 g3 61. Nd6 Re2 62. Rxg3+ Kxg3 63. b5 Kf4 64. c4 Rd2+
65. Kc5 Ke5 66. Nb7 Rh2 67. Kb6 Rh6+ 68. Kc7 Rh7+ 69. Kb6 Rh6+ 70. Ka7 Kd4 71.
c5 Kc4 72. b6 Kb5 73. Nd6+ Kxc5 74. b7 Rh7 75. Ka8 Rxb7 1/2-1/2

[Event "St-Jean"]
[Site "Quebec CAN"]
[Date "2006.06.23"]
[Round "2"]
[White "Pepin, Christian"]
[Black "Cournoyer, Dominic"]
[Result "1-0"]
[WhiteElo "2096"]
[BlackElo "1803"]
[PlyCount "77"]
[EventDate "2006.06.23"]
[EventType "swiss"]
[EventRounds "5"]
[EventCountry "CAN"]

1. e4 c6 2. d4 d5 3. exd5 cxd5 4. Bd3 Nf6 5. c3 Bg4 6. Qb3 b6 7. Bf4 e6 8. Nd2
Be7 9. Ngf3 O-O 10. Qc2 Nc6 11. Ne5 Nxe5 12. Bxe5 g6 13. f3 Bf5 14. g4 Bxd3 15.
Qxd3 Nd7 16. Bg3 Re8 17. h4 h6 18. O-O-O a6 19. f4 b5 20. f5 exf5 21. gxf5 g5
22. Be5 f6 23. hxg5 fxe5 24. f6 e4 25. Qg3 Bf8 26. Rdg1 Kf7 27. Rf1 hxg5 28.
Qxg5 Ke6 29. Rh5 Nxf6 30. Rxf6+ Qxf6 31. Qxd5+ Ke7 32. Re5+ Qxe5 33. Qxe5+ Kf7
34. Qf5+ Kg8 35. Nxe4 Bg7 36. Ng5 Rad8 37. Qf7+ Kh8 38. Qg6 Kg8 39. Ne6 1-0

[Event "St-Jean"]
[Site "Quebec CAN"]
[Date "2006.06.23"]
[Round "2"]
[White "Sauve, Richard"]
[Black "Giroux, Robert"]
[Result "1-0"]
[WhiteElo "2050"]
[BlackElo "1759"]
[PlyCount "99"]
[EventDate "2006.06.23"]
[EventType "swiss"]
[EventRounds "5"]
[EventCountry "CAN"]

1. d4 f5 2. g3 Nf6 3. Bg2 g6 4. Nf3 Bg7 5. O-O O-O 6. b3 d6 7. Bb2 c6 8. Nbd2
Qe8 9. Nc4 Nbd7 10. Qd3 Ne4 11. Ne1 d5 12. Nd2 e5 13. Nef3 Nxd2 14. Qxd2 e4 15.
Ne1 Nf6 16. c4 Ng4 17. Nc2 Be6 18. cxd5 Bxd5 19. e3 Qe6 20. Ba3 Rf7 21. Rac1 g5
22. Nb4 Bf8 23. Nc2 Bxa3 24. Nxa3 b5 25. Nb1 Raf8 26. Nc3 Qh6 27. h3 Nf6 28.
Nxd5 cxd5 29. Rc6 f4 30. exf4 gxf4 31. Rfc1 e3 32. fxe3 fxe3 33. Qe1 Kh8 34.
Re6 e2 35. Rxe2 Nh5 36. Rc3 Qf6 37. Re5 Ng7 38. Rxd5 Qf2+ 39. Qxf2 Rxf2 40. Rd7
Ne6 41. Re3 Nxd4 42. Rxd4 Rxa2 43. Rd7 Ra1+ 44. Kh2 Ra2 45. Ree7 Rb8 46. Rxh7+
Kg8 47. Rxa7 Rb2 48. Rhb7 Rd8 49. Rxb5 Kf8 50. h4 1-0

[Event "St-Jean"]
[Site "Quebec CAN"]
[Date "2006.06.24"]
[Round "3"]
[White "Boudreau, Daniel"]
[Black "Caire, Francois"]
[Result "0-1"]
[WhiteElo "1988"]
[BlackElo "2204"]
[PlyCount "98"]
[EventDate "2006.06.23"]
[EventType "swiss"]
[EventRounds "5"]
[EventCountry "CAN"]

1. e4 e5 2. Bc4 Nf6 3. d3 c6 4. Nf3 d5 5. Bb3 Bd6 6. Bg5 dxe4 7. dxe4 O-O 8.
O-O Na6 9. c3 Qe7 10. Nbd2 Bc7 11. Qe2 Nc5 12. Bc2 Ne6 13. Bxf6 Qxf6 14. g3 Ng5
15. Nxg5 Qxg5 16. Kg2 Be6 17. Bb3 Bxb3 18. Nxb3 Bb6 19. Rad1 Rad8 20. Nd2 Qe7
21. Nc4 Bc7 22. Qg4 b5 23. Ne3 Bb6 24. Nf5 Qf6 25. Rxd8 Rxd8 26. Rd1 g6 27. Ne3
Bxe3 28. fxe3 h5 29. Qe2 Rd6 30. Rd3 Qd8 31. Rxd6 Qxd6 32. h3 Kg7 33. Kh2 Qe6
34. b3 Qd6 35. Kg2 c5 36. Kf3 Qf6+ 37. Kg2 Qc6 38. Qf3 c4 39. b4 Qd7 40. Qe2
Qd3 41. Qxd3 cxd3 42. Kf2 f5 43. exf5 gxf5 44. Ke1 e4 45. h4 Kf6 46. Kd1 Ke6
47. Kc1 Kd5 48. Kd1 Kc4 49. Kd2 a6 0-1

[Event "St-Jean"]
[Site "Quebec CAN"]
[Date "2006.06.24"]
[Round "3"]
[White "Gaspariants, Vladimir"]
[Black "Bourassa, Samuel"]
[Result "1-0"]
[WhiteElo "2228"]
[BlackElo "1677"]
[PlyCount "35"]
[EventDate "2006.06.23"]
[EventType "swiss"]
[EventRounds "5"]
[EventCountry "CAN"]

1. e4 g6 2. d4 Bg7 3. Nc3 d6 4. g3 c6 5. Bg2 Qc7 6. a4 Nf6 7. Nge2 O-O 8. O-O
e5 9. h3 a5 10. Be3 Rd8 11. Qd2 Nbd7 12. Rad1 b6 13. f4 Ba6 14. Rfe1 Re8 15. g4
Kh8 16. dxe5 dxe5 17. g5 Nh5 18. Qxd7 1-0

[Event "St-Jean"]
[Site "Quebec CAN"]
[Date "2006.06.24"]
[Round "3"]
[White "Masse, Hugues"]
[Black "Sauve, Richard"]
[Result "1/2-1/2"]
[WhiteElo "2288"]
[BlackElo "2050"]
[PlyCount "120"]
[EventDate "2006.06.23"]
[EventType "swiss"]
[EventRounds "5"]
[EventCountry "CAN"]

1. d4 e6 2. c4 d5 3. Nc3 c6 4. Nf3 dxc4 5. a4 Bb4 6. e3 b5 7. Bd2 a5 8. axb5
Bxc3 9. Bxc3 cxb5 10. b3 Bb7 11. bxc4 b4 12. Bb2 Nf6 13. Bd3 Nbd7 14. O-O Qc7
15. Re1 O-O 16. e4 e5 17. c5 exd4 18. Rc1 Bc6 19. e5 Nd5 20. e6 N7f6 21. Nxd4
a4 22. e7 Rfe8 23. Nxc6 Qxc6 24. Bxf6 Nxf6 25. Qe2 Ra5 26. Qe5 a3 27. Qd4 b3
28. Qb4 Qa4 29. Qxa4 Rxa4 30. Bb5 Rb4 31. c6 b2 32. c7 bxc1=Q 33. Rxc1 Rc8 34.
Rd1 a2 35. Rd8+ Ne8 36. Rxc8 a1=Q+ 37. Bf1 Qa4 38. Rb8 Re4 39. c8=Q Rxe7 40.
Ra8 Qe4 41. g3 Kf8 42. Rb8 g6 43. Qc3 Qe5 44. Qxe5 Rxe5 45. Bb5 Re7 46. Kg2 f5
47. Kf3 Kf7 48. Bxe8+ Rxe8 49. Rxe8 Kxe8 50. Kf4 Kf7 51. Ke5 Ke7 52. f3 Kf7 53.
g4 fxg4 54. fxg4 h6 55. h3 Ke7 56. h4 Kf7 57. g5 hxg5 58. hxg5 Ke7 59. Kd5 Kd7
60. Ke5 Ke7 1/2-1/2

[Event "St-Jean"]
[Site "Quebec CAN"]
[Date "2006.06.24"]
[Round "3"]
[White "Ouellet, Michel"]
[Black "Pepin, Christian"]
[Result "0-1"]
[WhiteElo "1949"]
[BlackElo "2080"]
[PlyCount "66"]
[EventDate "2006.06.23"]
[EventType "swiss"]
[EventRounds "5"]
[EventCountry "CAN"]

1. e4 c6 2. c4 d5 3. cxd5 cxd5 4. exd5 Nf6 5. Qa4+ Nbd7 6. Nc3 g6 7. Bc4 Bg7 8.
Nge2 O-O 9. Qb3 a6 10. a4 Nc5 11. Qb4 b6 12. d4 a5 13. Qa3 Na6 14. Bxa6 Bxa6
15. O-O Nxd5 16. Nxd5 Qxd5 17. Re1 Bxe2 18. Rxe2 e5 19. Be3 exd4 20. Qd3 Qh5
21. Bf4 Rfe8 22. Rae1 Rxe2 23. Rxe2 Qg4 24. Bc7 Rc8 25. f3 Qh5 26. Rc2 Qf5 27.
Qxf5 gxf5 28. Rc1 Be5 29. Bxe5 Rxc1+ 30. Kf2 Rc2+ 31. Kf1 Rxb2 32. Bxd4 Rb4 33.
Be3 f4 0-1

[Event "St-Jean"]
[Site "Quebec CAN"]
[Date "2006.06.24"]
[Round "4"]
[White "Audet-Bouchard, Nicolas"]
[Black "Bluteau, Yvon"]
[Result "1-0"]
[WhiteElo "2190"]
[BlackElo "1801"]
[PlyCount "81"]
[EventDate "2006.06.23"]
[EventType "swiss"]
[EventRounds "5"]
[EventCountry "CAN"]

1. e4 c5 2. Nf3 Nf6 3. e5 Nd5 4. Nc3 e6 5. d4 Nc6 6. Nxd5 exd5 7. dxc5 Bxc5 8.
Bd3 d6 9. exd6 Bxd6 10. O-O Be6 11. Re1 Qd7 12. Ng5 O-O-O 13. Nxe6 fxe6 14. Bg5
Rde8 15. c4 Ne5 16. Rc1 Nxd3 17. Qxd3 Kb8 18. c5 Bc7 19. b4 h6 20. Be3 e5 21.
b5 d4 22. Bd2 Qd5 23. Qc4 Qxc4 24. Rxc4 Re6 25. Rxd4 Rd8 26. Rxd8+ Bxd8 27. Bc3
Bf6 28. f3 Kc8 29. Re4 Kd7 30. Kf2 a6 31. a4 Re8 32. f4 axb5 33. axb5 Rc8 34.
fxe5 Rxc5 35. exf6 Rxc3 36. fxg7 Rc8 37. Rc4 Rg8 38. b6 Kd6 39. Rc7 Re8 40.
Rxb7 Kc6 41. Rf7 1-0